Luật khiếu nại, luật tố cáo, luật tố tụng hành chính

Sách tập hợp những văn bản pháp luật về lĩnh vực khiếu nại, tố cáo và thủ tục tố tụng hành chính.

Saved in:
Bibliographic Details
Corporate Authors: Việt Nam (Cộng hòa xã hội chủ nghĩa), Quốc hội
Format: Book
Language:Undetermined
Published: Hà Nội Hồng Đức 2012
Subjects:
Tags: Add Tag
No Tags, Be the first to tag this record!
Institutions: Trung tâm Học liệu Trường Đại học Cần Thơ
LEADER 00962nam a2200217Ia 4500
001 CTU_211283
008 210402s9999 xx 000 0 und d
082 |a 347.597053 
082 |b V308 
110 |a Việt Nam (Cộng hòa xã hội chủ nghĩa) 
110 |b Quốc hội 
245 0 |a Luật khiếu nại, luật tố cáo, luật tố tụng hành chính 
245 0 |c Việt Nam (Cộng hòa xã hội chủ nghĩa). Quốc hội 
260 |a Hà Nội 
260 |b Hồng Đức 
260 |c 2012 
520 |a Sách tập hợp những văn bản pháp luật về lĩnh vực khiếu nại, tố cáo và thủ tục tố tụng hành chính. 
650 |a Khiếu nại (Thủ tục dân sự),Complaints (Civil procedure) 
650 |z Việt Nam,Vietnam 
904 |i Lư Phạm Mỹ Dung,Hải 
980 |a Trung tâm Học liệu Trường Đại học Cần Thơ